| 000 | 00441nam a2200193Ia 4500 | ||
|---|---|---|---|
| 008 | 170918s9999 xx 000 0 und d | ||
| 020 | _a9780545303026 | ||
| 050 | _bR464 2004 | ||
| 100 | _aReynolds, Peter H. | ||
| 245 | _aIsh / | ||
| 245 | _cPeter H. Reynolds. | ||
| 260 | _aNew York : | ||
| 260 | _bScholastic, | ||
| 260 | _c2004 | ||
| 300 | _aunpaged : | ||
| 300 | _bcolored illustration ; | ||
| 300 | _c19cm. | ||
| 500 | _a440 | ||
| 999 |
_c341530 _d341530 |
||